000 00357nam a2200157Ia 4500
100 _aMurach/Michael/ Padgett J
250 _a3
942 _cRB
654 _acobal
245 _aStructured Cobal:fundamentals
260 _bScience Research Associates
_aChicago
_c1985
082 _a001.6424C
_bMUR
300 _a514 0
546 _aENGLISH
999 _c34785
_d34785